Danh ngôn tình yêu = Words of love

Gorde:
Xehetasun bibliografikoak
Formatua: Liburua
Hizkuntza:Undetermined
Argitaratua: Hà Nội Văn Hoá 1995
Gaiak:
Etiketak: Etiketa erantsi
Etiketarik gabe, Izan zaitez lehena erregistro honi etiketa jartzen!
Thư viện lưu trữ: Trung tâm Học liệu Trường Đại học Cần Thơ
LEADER 00560nam a2200205Ia 4500
001 CTU_53316
008 210402s9999 xx 000 0 und d
020 |c 15000 
082 |a 808.88 
082 |b D107 
245 0 |a Danh ngôn tình yêu = 
245 0 |b Words of love 
245 0 |c Nguyễn Thị Khánh Minh (sưu tầm) 
260 |a Hà Nội 
260 |b Văn Hoá 
260 |c 1995 
650 |a English language 
650 |x Terms and phrases 
904 |i Qhieu sửa 
980 |a Trung tâm Học liệu Trường Đại học Cần Thơ